ბათუმის შოთა რუსთაველის სახელმწიფო უნივერსიტეტის ბიბლიოთეკა

ესთეტიკა და გონების ერთიანობის პრობლემა კანტის ფილოსოფიაში / (ბიბ.ჩანაწერი № 37844)

000 -ლიდერი
ფიქსირებული სიგრძის საკონტროლო ველი 01240nam a2200265Ia 4500
001 - საკონტროლო ნომერი
საკონტროლო ველი 3822
003 - საკონტროლო ნომრის იდენტიფიკატორი
საკონტროლო ველი GE_BSU
005 - ბოლო ოპერაციის თარიღი და დრო
საკონტროლო ველი 20190821174444.0
008 - ფიქსირებული სიგრძის მონაცემთა ელემენტები - ზოგადი ინფორმაცია
ფიქსირებული სიგრძის საკონტროლო ველი 181216s1989||||ge |||||||||||||| ||geo||
020 ## - წიგნის საერთაშორისო სტანდარტული ნომერი
International Standard Book Number 5520008844
040 ## - კატალოგიზაციის წყარო
Transcribing agency GE_BSU
041 ## - ენის კოდი
Language code of text/sound track or separate title geo
080 ## - უნივერსალური ათობითი კლასიფიკაციის ინდექსი
Universal Decimal Classification number 7.01+1(430)(092) შ–48
100 ## - მთავარი ჩანაწერი - პიროვნების სახელი
Personal name შენგელია, რომან
9 (RLIN) 909
245 ## - ცნობა სათაურის შესახებ
Title ესთეტიკა და გონების ერთიანობის პრობლემა კანტის ფილოსოფიაში /
Statement of responsibility, etc რედ.: ა. ციმინტია; საქ. სსრ მეცნ. აკად., ფილოსოფიის ინ-ტი.
264 ## - წარმოების, გამოცემის, დისტრიბუციის და სხვა ცნობები
გამოცემის, წარმოების, დისტრიბუციის... ადგილი თბ. :
გამოცემის, წარმოების, დისტრიბუციის... სახელწოდება მეცნიერება,
გამოცემის, წარმოების, დისტრიბუციის... თარიღი 1989.
300 ## - ფიზიკური აღწერა
Extent 350 გვ. ;
Other physical details 22 სმ.
653 ## - INDEX TERM--UNCONTROLLED
Uncontrolled term ესთეტიკა
653 ## - INDEX TERM--UNCONTROLLED
Uncontrolled term გერმანული ფილოსოფია
653 ## - INDEX TERM--UNCONTROLLED
Uncontrolled term გონების ფილოსოფია
653 ## - INDEX TERM--UNCONTROLLED
Uncontrolled term კანტი, იმანუელ
700 ## - ADDED ENTRY--PERSONAL NAME
Personal name ციმინტია, ა.
Relator term რედაქტორი
9 (RLIN) 3731
710 ## - ADDED ENTRY--CORPORATE NAME
Corporate name or jurisdiction name as entry element საქ. სსრ მეცნ. აკად., ფილოსოფიის ინ-ტი.
9 (RLIN) 3732
942 ## - ADDED ENTRY ELEMENTS (KOHA)
Koha item type წიგნი
Source of classification or shelving scheme
ეგზემპლარები
ჩამოწერის სტატუსი დაკარგული ეგზემპლარის სტატუსი კლასიფიკაციის წყარო ან თაროზე გაწყობის სქემა დაზიანების სტატუსი არ გაიცემა მუდმივი მდებარეობა (დაცვის ადგილი) ამჟამინდელი ადგილსამყოფელი თაროზე განთავსების ადგილი შეძენის თარიღი ღირებულება, შესყიდვის ნორმალური ფასი სრული შენახვის შიფრი შტრიხკოდი ბოლო ოპერაციის თარიღი ეგზემპლარის მიმდევრობითი ნომერი (კეტერი?) ფასის ძალაში შესვლის თარიღი ეგზემპლარის სახეობა საჯარო შენიშვნა
          ბათუმის შოთა რუსთაველის სახელმწიფო უნივერსიტეტის მთავარი ბიბლიოთეკა ბათუმის შოთა რუსთაველის სახელმწიფო უნივერსიტეტის მთავარი ბიბლიოთეკა წიგნსაცავი 2018-12-17 5.00 7.01+1(430)(092) შ–48 5498 2018-12-17 5498 2018-12-17 წიგნი 5 ლ.